Mujeres, hombres y lenguaje: Un acercamiento sociolingüístico a las diferencias de género
Uloženo v:
| Hlavní autor: | |
|---|---|
| Médium: | Kniha |
| Jazyk: | španělština |
| Vydáno: |
Ciudad de México
Fondo de Cultura Económica
2009
|
| Vydání: | 1a. ed |
| Témata: | |
| Tagy: |
Přidat tag
Žádné tagy, Buďte první, kdo vytvoří štítek k tomuto záznamu!
|
MARC
| LEADER | 00000nam a2200000 a 4500 | ||
|---|---|---|---|
| 001 | UCH3469 | ||
| 003 | CL-VaPUC | ||
| 008 | 090730e20090000MX |||||||||||||||||spa|d | ||
| 020 | |a 9786071600127 | ||
| 082 | 0 | 4 | |a 305.3 |b COA |2 21 |
| 100 | 0 | |a Coates, Jennifer |e author |9 538816 | |
| 245 | 1 | 0 | |a Mujeres, hombres y lenguaje: Un acercamiento sociolingüístico a las diferencias de género |
| 250 | |a 1a. ed | ||
| 300 | |a 410 p | ||
| 942 | |c BK | ||
| 945 | |d 20090730 00:00:00 |a dcastane | ||
| 260 | |a Ciudad de México |b Fondo de Cultura Económica |c 2009 | ||
| 650 | 0 | |a Hombres y mujeres |9 538817 | |
| 650 | 7 | |a DIFERENCIAS DE GENERO |2 CL-VaPUC |9 538818 | |
| 650 | 0 | |a Roles sociales |9 538819 | |
| 583 | |a last modification |c 20090730 00:00:00 |k Rodrigo Vera | ||
| 999 | |c 335008 |d 335006 | ||
| 952 | |0 0 |1 0 |4 0 |6 305_300000000000000_COA_2009 |7 0 |8 A |9 424478 |a BIBCUR |b BIBCUR |d 2019-11-22 |i 4579542 |l 1 |o 305.3 COA 2009 |p 4579542 |r 2025-04-22 |s 2022-03-21 |w 2019-11-22 |y BK |k PER | ||
| 952 | |0 0 |1 0 |4 0 |6 305_300000000000000_COA_2009 |7 0 |8 A |9 424479 |a BIBEDU |b BIBEDU |d 2019-11-22 |i 4698088 |o 305.3 COA 2009 |p 4698088 |r 2019-11-22 |w 2019-11-22 |y BK |k PSI | ||